Statistiques concernant Les 40 Villes les plus peuplés de la Moselle

Cliquez ici pour prendre le quiz!

Statistiques générales

  • Ce quiz a été pris 227 fois
  • Le résultat moyen est 16 sur 40

Statistiques - réponses

PopulationVille% Correct
120 211Metz
100%
41 383Thionville
93%
21 509Forbach
78%
20 555Sarreguemines
74%
15 171Saint Avold
69%
10 668Amnéville
64%
21 788Montigny les Metz
64%
17 304Yutz
64%
12 278Sarrebourg
61%
14 526Woippy
58%
15 994Hayange
51%
14 829Fameck
50%
4 955Bitche
49%
9 332Hagondange
49%
12 772Creutzwald
43%
11 939Florange
43%
11 776Maizieres les Metz
43%
12 840Freyming Merlebach
41%
9 864Rombas
41%
6 951Uckange
40%
9 961Marly
35%
5 157Faulquemont
32%
7 753Hettange Grande
32%
7 832Talange
31%
5 565Boulay Moselle
30%
5 021Moulins les Metz
28%
11 043Stiring Wendel
28%
7 594Guénange
25%
5 701Mondelange
24%
5 406Farébersviller
23%
4 700Phalsbourg
23%
7 328Terville
23%
7 349Moyeuvre Grande
22%
6 571Behren les Forbach
21%
5 205L'Hôpital
20%
6 275Hombourg Haut
18%
6 104Algrange
15%
6 446Marange Silvange
14%
7 108Audun le Tiche
12%
6 257Petite Roselle
5%

Distribution des résultats

Percentile par nombre de réponses

% des personnes avec chaque résultat

Votre développement - résultats

Vous n’avez pas pris ce quiz